Behaviorálne správanie sa investorov

Vplyv psychiky pri investovaní - správanie sa investorov. Makroekonomické správy.

Guardado en:
Detalles Bibliográficos
Autor principal: Kmeťko, Miroslav, 1969-
Formato: Capítulo de libro
Lenguaje:eslovaco
Materias:
Etiquetas: Agregar Etiqueta
Sin Etiquetas, Sea el primero en etiquetar este registro!

MARC

LEADER 00000nla a2200000 4500
001 0200422
005 20240502073405.1
041 0 |a slo 
044 |a SK 
245 1 0 |a Behaviorálne správanie sa investorov  |c Miroslav Kmeťko 
520 |a Vplyv psychiky pri investovaní - správanie sa investorov. Makroekonomické správy. 
610 2 0 |a investori 
610 2 0 |a investovanie 
610 2 0 |a psychológia 
610 2 0 |a správy investičné 
100 1 |a Kmeťko, Miroslav, 1969-